Library management 101 : a practical guide
Created to fill a surprising educational void, this edited volume focuses on best practices from library management experts teaching in LIS programs across the country.
Na minha lista:
| Formato: | Livro |
|---|---|
| Idioma: | Undetermined |
| Publicado em: |
Chicago :
ALA Editions, an imprint of the American Library Association
2013
|
| Assuntos: | |
| Tags: |
Adicionar Tag
Sem tags, seja o primeiro a adicionar uma tag!
|
| Thư viện lưu trữ: | Trung tâm Học liệu Trường Đại học Cần Thơ |
|---|
| LEADER | 00812nam a2200217Ia 4500 | ||
|---|---|---|---|
| 001 | CTU_196239 | ||
| 008 | 210402s9999 xx 000 0 und d | ||
| 020 | |c 1845000 | ||
| 082 | |a 025.1 | ||
| 082 | |b L697 | ||
| 245 | 0 | |a Library management 101 : | |
| 245 | 2 | |b a practical guide | |
| 245 | 0 | |c edited by Diane L. Velasquez | |
| 260 | |a Chicago : | ||
| 260 | |b ALA Editions, an imprint of the American Library Association | ||
| 260 | |c 2013 | ||
| 520 | |a Created to fill a surprising educational void, this edited volume focuses on best practices from library management experts teaching in LIS programs across the country. | ||
| 650 | |a Library administration,Quản trị thư viện | ||
| 650 | |z United States,Hoa Kỳ | ||
| 904 | |i Bằng | ||
| 980 | |a Trung tâm Học liệu Trường Đại học Cần Thơ | ||